Music Quiz

Random Music Quiz

'This Love' Maroon 5 lyrics Quiz Stats

 Plays Quiz not verified by Sporcle

Challenge
Share
Tweet
Embed
Score 0/215 Timer 06:00
0 Plays Today
Answer % Correct
I
99.5%
I
99.5%
I
99.5%
I
99.5%
I
99.5%
I
99.5%
I
99.5%
I
99.5%
I
99.5%
I
99.5%
love
98.4%
love
98.4%
love
98.4%
love
98.4%
This
98.2%
This
98.2%
This
98.2%
to
97.8%
to
97.8%
to
97.8%
to
97.8%
to
97.8%
me
97.1%
me
97.1%
me
97.1%
me
97.1%
me
97.1%
me
97.1%
me
97.1%
goodbye
96.7%
goodbye
96.7%
goodbye
96.7%
goodbye
96.7%
goodbye
96.7%
goodbye
96.7%
goodbye
96.7%
she
96.1%
She
96.1%
She
96.1%
She
96.1%
has
95.7%
has
95.7%
has
95.7%
said
95.6%
said
95.6%
said
95.6%
a
95.5%
a
95.5%
on
95.3%
on
95.3%
on
95.3%
on
95.3%
on
95.3%
before
95.2%
before
95.2%
before
95.2%
taken
95%
taken
95%
taken
95%
in
94.9%
in
94.9%
many
94.9%
times
94.9%
in
94.9%
many
94.9%
times
94.9%
in
94.9%
many
94.9%
times
94.9%
in
94.9%
too
94.5%
too
94.5%
Answer % Correct
too
94.5%
no
94%
no
94%
no
94%
her
93.4%
her
93.4%
her
93.4%
her
93.4%
her
93.4%
it
93.4%
her
93.4%
her
93.4%
heart
93.3%
heart
93.3%
heart
93.3%
heart
93.3%
it's
92.4%
is
92.4%
it's
92.4%
is
92.4%
it's
92.4%
is
92.4%
of
91%
of
91%
of
91%
of
91%
say
90.8%
say
90.8%
say
90.8%
toll
90.7%
toll
90.7%
toll
90.7%
and
89.9%
And
89.9%
and
89.9%
And
89.9%
And
89.9%
And
89.9%
my
89.5%
my
89.5%
my
89.5%
My
89.5%
my
89.5%
breaking
89.4%
breaking
89.4%
breaking
89.4%
The
88.9%
The
88.9%
the
88.9%
anymore
88.6%
anymore
88.6%
anymore
88.6%
front
87.5%
front
87.5%
front
87.5%
have
87.2%
have
87.2%
have
87.2%
won't
87.2%
won't
87.2%
won't
87.2%
so
86.9%
So
86.9%
choice
86.5%
choice
86.5%
choice
86.5%
was
84.1%
was
84.1%
not
83.3%
cause
83%
cause
83%
Cause
83%
Answer % Correct
cause
83%
eyes
82.7%
did
81.2%
fire
80.7%
burning
80.5%
that
79.7%
But
78.3%
again
77.7%
again
77.7%
high
77.4%
Never
76.7%
recognize
76.3%
mind
74.9%
plane
74.8%
got
74.1%
every
74.1%
every
74.1%
return
73.8%
always
73%
you
71.9%
you
71.9%
Keep
68.8%
keep
68.8%
controlled
68.7%
chaos
68.2%
night
66.9%
best
65.9%
tried
65.3%
satisfied
64.5%
coming
63.9%
just
63.6%
hard
63.4%
do
63.4%
your
63.1%
your
63.1%
game
62.5%
feed
61%
same
60.9%
like
60.3%
feel
60.3%
appetite
59.7%
Pretending
59.5%
broken
59.2%
broken
59.2%
wings
57.1%
know
57%
want
56.8%
what
55.6%
playing
54.4%
inch
52.1%
things
51.9%
leave
51.8%
turn
51.7%
that's
51.5%
fingertips
51.3%
around
51.3%
make
51%
these
50.4%
alright
50.3%
fix
50.2%
I'll
49.6%
Whispered
49.3%
Kept
49%
Repair
48.9%
hips
48%
sure
47.6%
Then
46.3%
everything's
45.7%
pressure
42.6%
Sinking
28.4%
Into
26.6%

You're not logged in!

Compare scores with friends on all Sporcle quizzes.
OR
Log In

You Might Also Like...

Show Comments

Extras

Created Jun 5, 2013SourceReportNominate
Tags:love, maroon, Maroon 5

Top Quizzes Today


Score Distribution

Your Account Isn't Verified!

In order to create a playlist on Sporcle, you need to verify the email address you used during registration. Go to your Sporcle Settings to finish the process.

Report this User

Report this user for behavior that violates our Community Guidelines.

Details: